| 000 | 00385nam a22001577a 4500 | ||
|---|---|---|---|
| 005 | 20250918143021.0 | ||
| 008 | 250918b |||||||| |||| 00| 0 eng d | ||
| 082 |
_a891.4 _bQUD-Z |
||
| 100 | _aZikr-e-Shab | ||
| 245 | _aZikr-e-Shab | ||
| 260 |
_aPaksitan: _bilmio book publisher; _c2000. |
||
| 300 |
_axiv, 300 p. : _c24 cm. |
||
| 650 | _aUrdu Litreature | ||
| 999 |
_c37104 _d37104 |
||